Readings in remote sensing applications / (Record no. 10461)
[ view plain ]
| 000 -LEADER | |
|---|---|
| fixed length control field | 00535cam a2200205ua 4500 |
| 020 ## - INTERNATIONAL STANDARD BOOK NUMBER | |
| ISBN | 81-7233-040-5 |
| 041 ## - LANGUAGE CODE | |
| Language code of text/sound track or separate title | eng |
| 082 ## - DEWEY DECIMAL CLASSIFICATION NUMBER | |
| Classification number | 621.3678 |
| Item number | CHO/RE |
| 100 ## - MAIN ENTRY--AUTHOR NAME | |
| Personal name | Chauhan, T S . |
| 245 ## - TITLE STATEMENT | |
| Title | Readings in remote sensing applications / |
| 260 ## - PUBLICATION, DISTRIBUTION, ETC. (IMPRINT) | |
| Place of publication | Jodhpur : |
| Name of publisher | Scientific Publishers , |
| Year of publication | 1992. |
| 300 ## - PHYSICAL DESCRIPTION | |
| Number of Pages | 493 ; . |
| 500 ## - GENERAL NOTE | |
| General note | **Reference |
| 700 1# - ADDED ENTRY--PERSONAL NAME | |
| Personal name | Joshi, K N . |
| 942 ## - ADDED ENTRY ELEMENTS (KOHA) | |
| Koha item type | Books |
| Withdrawn status | Lost status | Damaged status | Home library | Current library | Date acquired | Full call number | Accession Number | Koha item type |
|---|---|---|---|---|---|---|---|---|
| KAUAET | KAUAET | 07/04/2012 | 621.3678 | 19767 | Reference | |||
| KAUAET | KAUAET | 07/04/2012 | 621.3678 | 20369 | Reference |
